000 00686cam a2200205 4500
001 WB3541-29
008 000000n1999 000 0 eng u
035 _a(Sirsi) u100628
245 _aCompanies 'underestimate their occupancy costs'
260 _c1999
490 _aFinancial Times
_v20 October 1999, 8(1)
520 _aInvestment Property Databank estimate that UK companies underestimate the costs of occupying their office space by up to £1,000 per employee.
590 _aWB
650 _aIPD
650 _aINVESTMENT PROPERTY DATABANK
650 _aOCCUPANCY COSTS
650 _aOCCUPIERS PROPERTY DATA
690 _aOFFICE SERVICES AND ADMINISTRATION
942 _n0
999 _c60203
_d60203